Pla Municipal per la Diversitat Sexual i de Gènere Mesures per la Igualtat LGTBI 2016 - 2020

Salvato in:
Dettagli Bibliografici
Ente Autore: Municipalità di Barcellona
Natura: Libro
Lingua:inglese
Pubblicazione: Barcellona Municipalità di Barcellona 2016
Tags: Aggiungi Tag
Nessun Tag, puoi essere il primo ad aggiungerne!!

MARC

LEADER 00000nam a2200000 4500
005 20241009170344.0
008 241009b |||||||| |||| 00| 0 eng d
040 |c GP 
110 |a Municipalità di Barcellona 
245 |a Pla Municipal per la Diversitat Sexual i de Gènere  |b Mesures per la Igualtat LGTBI 2016 - 2020 
260 |a Barcellona  |b Municipalità di Barcellona  |c 2016 
942 |2 ddc  |c BK  |n 0 
952 |0 0  |1 0  |2 ddc  |4 0  |6 323_000000000000000_BCN  |7 1  |9 2081  |a RM  |b RM  |d 2024-10-09  |l 0  |o 323 BCN  |p 802  |r 2024-10-09 17:04:06  |w 2024-10-09  |y BK 
999 |c 1821  |d 1821